书目信息 |
| 题名: |
信息功能材料工程 上
|
|
| 作者: | 王占国 , 陈立泉 , 屠海令 主编 ;中国机械工程学会 , 中国材料研究学会 , 中国材料工程大典编委会 编 | |
| 分册: | ||
| 出版信息: | 北京 化学工业出版社 2006.03 |
|
| 页数: | 12,649页 | |
| 开本: | 30cm | |
| 丛书名: | 中国材料工程大典 | |
| 单 册: | ||
| 中图分类: | TN04 , TN04-62 | |
| 科图分类: | ||
| 主题词: | 电子材料--手册 , 电子材料--功能材料--手册 , 电子材料 , 电子材料 , 功能材料 | |
| 电子资源: | ||
| ISBN: | 7-5025-7313-5 | |
| 000 | 01466nam0 2200385 450 | |
| 001 | 003175686 | |
| 005 | 20060816135437.0 | |
| 010 | @a7-5025-7313-5@b精装@dCNY120.00 | |
| 100 | @a20060614d2006 em y0chiy0110 ea | |
| 101 | 0 | @achi |
| 102 | @aCN@b110000 | |
| 105 | @aa z 000yy | |
| 106 | @ar | |
| 200 | 1 | @a信息功能材料工程 上@Axin xi gong neng cai liao gong cheng shang@f王占国,陈立泉,屠海令主编@g中国机械工程学会,中国材料研究学会,中国材料工程大典编委会[编] |
| 210 | @a北京@c化学工业出版社@d2006.03 | |
| 215 | @a12,649页@c图,照片@d30cm | |
| 225 | 2 | @a中国材料工程大典@v11 |
| 330 | @a本书为信息功能材料工程(上册)。主要内容包括半导体硅材料、集成电路制造技术、硅基异质结构材料和器件、化合物半导体材料、宽带隙半导体及其应用等。 | |
| 410 | 0 | @12001 @a中国材料工程大典 |
| 606 | 0 | @a电子材料@j手册 |
| 606 | 0 | @a电子材料@x功能材料@j手册 |
| 606 | 0 | @a电子材料 |
| 606 | 0 | @a电子材料 |
| 606 | 0 | @a功能材料 |
| 690 | @aTN04@v4 | |
| 690 | @aTN04-62@v4 | |
| 701 | 0 | @a王占国@Awang zhan guo@f(1938.12~)@4主编 |
| 701 | 0 | @a陈立泉@Achen li quan@c(物理所研究员)@4主编 |
| 701 | 0 | @a屠海令@Atu hai ling@4主编 |
| 712 | 02 | @a中国机械工程学会@9zhong guo ji xie gong cheng xue hui@4编 |
| 712 | 02 | @a中国材料研究学会@9zhong guo cai liao yan jiu xue hui@4编 |
| 712 | 02 | @a中国材料工程大典编委会@9zhong guo cai liao gong cheng da dian bian wei hui@4编 |
| 801 | 0 | @aCN@bJiuFeng@c20060817 |
| 905 | @aBZT@dTN04@e1-1@f5 | |
| 906 | @dCNY120.00@n0@r1 | |
| 信息功能材料工程 上/王占国,陈立泉,屠海令主编/中国机械工程学会,中国材料研究学会,中国材料工程大典编委会[编].-北京:化学工业出版社,2006.03 |
| 12,649页:图,照片;30cm.-(中国材料工程大典;11) |
| ISBN 7-5025-7313-5(精装):CNY120.00 |
| 本书为信息功能材料工程(上册)。主要内容包括半导体硅材料、集成电路制造技术、硅基异质结构材料和器件、化合物半导体材料、宽带隙半导体及其应用等。 |
| ● |
| 相关链接 |
|
|
|
正题名:信息功能材料工程 上
索取号:TN04/1-1
 
预约/预借
| 序号 | 登录号 | 条形码 | 馆藏地/架位号 | 状态 | 备注 |
| 1 | 746360 | 2000746360 | 中心书库中库/ 中库027架B面8列4层14/ [索取号:TN04/1-1] | 在馆 | |
| 2 | 746361 | 2000746361 | 中心书库中库/ 中库027架B面8列4层15/ [索取号:TN04/1-1] | 在馆 | |
| 3 | 746362 | 2000746362 | 中心书库中库/ 中库041架B面3列4层6/ [索取号:TN04/1-1] | 在馆 | |
| 4 | 746363 | 2000746363 | 中心书库中库/ 中库027架B面8列1层7/ [索取号:TN04/1-1] | 在馆 | |
| 5 | 746364 | 2000746364 | 中心书库中库/ 中库027架B面8列3层6/ [索取号:TN04/1-1] | 在馆 |